[Event "NOR-ch Clubs 2017"]
[Site "Kristiansund"]
[Date "2017.10.20"]
[Round "1"]
[White "Unneland, Mathias"]
[Black "Thingstad, Even"]
[Result "0-1"]
[WhiteElo "1836"]
[BlackElo "2214"]
[Annotator "TA"]
[PlyCount "110"]
[EventDate "2017.??.??"]
[EventType "team-tourn"]
[EventCountry "NOR"]
[SourceTitle "playchess.com"]
[Source "ChessBase"]
[SourceQuality "1"]

{[%evp 28,110,7,-21,-18,-17,-12,-12,-21,-37,-52,-55,-27,-76,32,11,54,-143,-82,-68,-69,-65,-44,-93,-56,-110,-115,-122,-121,-162,-156,-186,-163,-268,-289,-327,-265,-240,-248,-247,-252,-253,-236,-287,-279,-380,-300,-278,-162,-176,-84,-82,-87,-96,-75,-87,-108,-159,-185,-216,-207,-314,-315,-307,-308,-404,-405,-360,-351,-339,-339,-29977,-29977,-29981,-29982,-29982,-29979,-29980,-29981,-29981,-29982,-29982,-29983,-29990,-29991]} 1. e4 c6 2. d4 d5 3. Nc3 dxe4 4. Nxe4 Bf5 5. Ng3 Bg6 6. Nf3 Nd7 7. h4 h6 8. h5 Bh7 9. Bd3 Bxd3 10. Qxd3 e6 11. Be3 {B19: Caro-Kann (Hauptvariante)} (11. Bd2 Ngf6 12. O-O-O Bd6 13. Ne4 Nxe4 14. Qxe4 Nf6 15. Qe2 Bc7 16. Kb1 Qd5 17. c4 Qe4+ 18. Qxe4 Nxe4 19. Be1 O-O-O 20. Kc2 Rhe8 21. Ne5 f6 22. Ng6 {½-½ (32) Kovalev,V (2640)-Shimanov,A (2646) Saint Louis 2017}) 11... Qa5+ 12. Bd2 Bb4 13. c3 Be7 14. c4 Qc7 15. O-O {LiveBook: 26 Partien} Ngf6 16. Rae1 O-O 17. Nf5 Bd6 $146 ({Vorgänger:} 17... exf5 18. Rxe7 Ne4 19. Qa3 Qd8 20. Nh4 Re8 21. Nxf5 c5 22. Rxe8+ Qxe8 23. Qe3 Ndf6 24. Be1 Qe6 {1-0 (24) Gasimov,P (1949)-Buzas,B (2116) Batumi 2014}) 18. Nxh6+ gxh6 19. Bxh6 Rfe8 20. Ng5 Nf8 (20... Bf4 $17) 21. Qf3 $14 Bf4 22. g4 $2 (22. Ne4 $14 {bleibt weiter vorne.} Bxh6 23. Nxf6+ Kg7 24. Re4 (24. Nxe8+ Rxe8 25. b3 Qf4 $14)) 22... Bxg5 (22... e5 $142 23. Ne4 Nxe4 24. Bxf4 exf4 25. Rxe4 Rxe4 26. Qxe4 Qd7 27. Qxf4 Ne6) 23. Bxg5 $17 N6h7 24. Bf4 Qe7 25. Kh2 f6 26. d5 (26. Qg3 $15) 26... cxd5 27. cxd5 Qf7 28. d6 e5 29. Bh6 Ne6 30. Rg1 (30. Qb3 {war nötig.}) 30... Nhg5 $19 31. Qd3 Qh7 32. Qxh7+ Kxh7 33. Bxg5 Nxg5 34. Re3 Rad8 35. Rc1 Ne6 36. g5 Rxd6 37. gxf6 Rd7 (37... Rf8 $142 38. Rxe5 Rxf6) 38. Rxe5 {[#]} Rf7 (38... Kg8 $1 $19 {und Schwarz behält klar die Oberhand.} 39. Rc4 Kf7) 39. Rce1 Rxf6 40. f4 Rh6 {...Tg8 ist eine echte Drohung.} 41. Rd1 Rg8 42. Rd7+ (42. Rd6 $142 Nxf4 43. Re7+ Rg7 44. Rxg7+ Kxg7 45. Rd7+ Kg8 46. Rd8+ Kg7 47. Rd7+ Kg8 48. Rd8+ Kg7 49. Rd7+) 42... Rg7 $17 43. Red5 Kg8 ({Jedoch nicht} 43... Nxf4 44. Rxg7+ Kxg7 45. Rd7+ Kg8 46. Rd8+ Kg7 47. Rd7+ Kg8 48. Rd8+ Kg7 49. Rd7+) 44. a4 {[#]} (44. Rxg7+ {ist eine bessere Verteidigung.} Nxg7 45. Rd8+ Kh7 46. Kg3) 44... Rxh5+ $1 $19 {[%mdl 512]} 45. Rxh5 Rxd7 {[%mdl 4096] Endspiel KTS-KT} 46. Kg3 Rd3+ 47. Kg4 Rd4 48. Rb5 Rxf4+ 49. Kh5 $2 (49. Kg3 $19) 49... Kf7 {Schwarz setzt Matt.} 50. Rb3 Kf6 51. Rh3 Rxa4 52. Rf3+ Rf4 53. Rh3 Ng7+ 54. Kh6 Nf5+ 55. Kh5 a5 {Precision: Weiß = 29%, Schwarz = 57%.} 0-1

[Event "NOR-ch Clubs 2017"]
[Site "Kristiansund"]
[Date "2017.10.20"]
[Round "1"]
[White "Olsen, Age"]
[Black "Tari, Aryan"]
[Result "0-1"]
[WhiteElo "1687"]
[BlackElo "2578"]
[Annotator "TA"]
[PlyCount "62"]
[EventDate "2017.??.??"]
[EventType "team-tourn"]
[EventCountry "NOR"]
[SourceTitle "playchess.com"]
[Source "ChessBase"]
[SourceQuality "1"]

{[%evp 18,62,-27,-26,-31,-52,-4,-9,-21,-34,-11,-38,-21,-29,-22,-28,0,0,38,-33,-43,-37,-36,-44,-36,-42,-40,-135,-144,-188,-181,-542,-545,-654,-652,-603,-638,-646,-645,-636,-609,-642,-625,-1620,-1329,-29987,-29988]} 1. e4 c5 2. d3 Nc6 3. Nf3 g6 4. g3 Bg7 5. Bg2 Nf6 6. O-O O-O 7. Re1 d6 8. Nbd2 Rb8 9. Nf1 b5 10. c3 b4 {A05: Réti Opening: 1 Nf3 Nf6} 11. Bd2 bxc3 12. bxc3 $146 ({Predecessor:} 12. Bxc3 e5 13. Ne3 Ne8 14. h4 f5 15. exf5 gxf5 16. Ng5 Ne7 17. f4 h6 18. Nh3 {1-0 (31) Medina,J (2275)-Reyes Najera,C (2265) San Salvador 1994}) 12... Ba6 {The position is equal.} 13. Qc2 Nd7 14. Rab1 Nde5 15. Nxe5 Nxe5 16. c4 Nc6 17. Qa4 Rb6 18. Ne3 (18. e5 $1 $14 Bb7 19. Rxb6 Qxb6 20. exd6 exd6 21. Qb5) 18... e6 $15 19. Nc2 Bc8 20. Rxb6 Qxb6 21. Qb3 Bd7 22. Bf4 {[#]} ({White should play} 22. Rb1 $15) 22... Qc7 $1 $17 {And now ...Rb8 would win.} 23. Qa3 {[#]} Rb8 $1 {[%cal Bf8b8,Bb8b2,Bb2c2][%mdl 32] ...Bb2 is the strong threat.} 24. Qxc5 $2 (24. Qc1) 24... e5 $19 (24... dxc5 25. Bxc7 Rb2 26. Ne3 $15) 25. Bxe5 Bxe5 ({Weaker is} 25... dxc5 26. Bxc7 Rb2 27. Ne3 $11) 26. Qe3 Rb2 27. d4 Rxc2 28. dxe5 Nxe5 29. Qb3 Rxc4 30. f4 Qc5+ 31. Kh1 Rc1 {Precision: White = 25%, Black = 66%.} 0-1

[Event "NOR-ch Clubs 2017"]
[Site "Kristiansund"]
[Date "2017.10.20"]
[Round "1"]
[White "Stai, Sondre"]
[Black "Elseth, Roar"]
[Result "0-1"]
[WhiteElo "1668"]
[BlackElo "2322"]
[Annotator "TA"]
[PlyCount "86"]
[EventDate "2017.??.??"]
[EventType "team-tourn"]
[EventCountry "NOR"]
[SourceTitle "playchess.com"]
[Source "ChessBase"]
[SourceQuality "1"]

{[%evp 21,86,9,-3,-7,0,-5,26,4,3,12,6,0,0,0,7,8,16,0,10,0,0,-32,0,-30,-22,-32,-34,-60,-58,-47,-53,-56,-34,-86,-68,-118,-75,-72,-69,-116,-62,-58,-15,-15,-10,-22,0,-58,-52,-52,-51,-111,-97,-103,-82,-174,-116,-201,-202,-187,-183,-220,-209,-208,-202,-697,-691]} 1. d4 Nf6 2. c4 e6 3. Nf3 b6 4. g3 Ba6 5. Qc2 d5 6. Nbd2 Be7 7. Bg2 O-O 8. O-O Bb7 9. Rd1 {E16: Queen's Indian: 4 g3 Bb7 5 Bg2 Bb4+} (9. cxd5 exd5 10. Ne5 c5 11. dxc5 bxc5 12. Rd1 Qc8 13. Nb3 a5 14. Be3 Na6 15. Rac1 d4 16. Bxb7 Qxb7 17. Bg5 Nb4 18. Qb1 a4 19. Nd2 Qd5 {½-½ (150) Nakamura,H (2787)-Harikrishna,P (2763) chess.com INT 2016}) 9... Nbd7 10. b3 c5 11. Bb2 Rc8 {LiveBook: 5 Games} 12. e3 Re8 13. Rac1 cxd4 $146 ({Predecessor:} 13... dxc4 14. bxc4 Qc7 15. Ba3 h6 16. Qd3 Rcd8 17. Bb2 cxd4 18. exd4 Nc5 {0-1 (59) Moore,G (1835)-Campbell,I (2001) Aberystwyth 2014}) 14. exd4 dxc4 15. bxc4 Qc7 16. Nf1 Be4 17. Qe2 Qb7 18. Ne3 Rc7 19. Nh4 Bxg2 20. Nhxg2 Bf8 21. Ne1 g6 22. Qf3 Qxf3 23. Nxf3 Bh6 24. d5 Bxe3 25. fxe3 exd5 26. cxd5 Rxc1 27. Bxc1 (27. Rxc1 $15 Rxe3 28. Rc8+ Re8 29. Rc6) 27... Ne4 28. Nd4 Nc3 29. Rd3 Nxd5 30. Nc6 N7f6 (30... Rc8 $17 31. Bb2 Rxc6 32. Rxd5 Rc7) 31. Nxa7 $15 Re4 32. Nb5 Rc4 33. Bd2 Rc5 34. a4 ({White should play} 34. Nc3 $11) 34... Ne4 35. Be1 f5 36. Nd4 ({Better is} 36. Kf1 $15) 36... Rc1 $17 37. Nf3 Ndf6 38. h3 (38. Ra3 $17 {keeps fighting.}) 38... Ra1 (38... g5 $19 {Threatens to win with ...g4.} 39. Rd8+ Kg7) 39. Kf1 (39. Kg2 $17 {might work better.}) 39... Nxg3+ $19 ({Much less strong is} 39... Rxa4 40. Ne5) 40. Kg2 Nge4 41. Rb3 Nd5 42. Rd3 Nef6 43. Ne5 $2 {[#]} (43. Bh4) 43... Rxe1 {Precision: White = 20%, Black = 31%.} 0-1

[Event "NOR-ch Clubs 2017"]
[Site "Kristiansund"]
[Date "2017.10.20"]
[Round "1"]
[White "Steinkellner, Rudolf"]
[Black "Nordquelle, Daniel"]
[Result "0-1"]
[WhiteElo "1641"]
[BlackElo "2196"]
[Annotator "TA"]
[PlyCount "134"]
[EventDate "2017.??.??"]
[EventType "team-tourn"]
[EventCountry "NOR"]
[SourceTitle "playchess.com"]
[Source "ChessBase"]
[SourceQuality "1"]

{[%evp 15,134,-10,-3,-9,-4,3,0,0,0,0,0,0,0,0,0,-12,0,8,35,0,0,0,7,0,0,0,0,0,0,0,0,0,0,0,0,0,16,12,27,-22,0,6,22,39,26,0,14,-16,0,-12,0,0,0,-20,-17,-20,-15,-29,-29,-29,-37,-32,-35,-36,-15,-37,-37,-25,-29,-12,0,0,0,0,0,0,0,0,0,0,0,0,0,0,0,0,29,22,823,220,83,0,605,0,96,0,375,0,450,394,571,572,585,580,539,-29976,-29978,-29974,-12842,-12841,-57,-12841,-12842,-29981,-29982,-29982,-29982,-29980,-29982,-29982,-29983]} 1. e4 c5 2. Nc3 d6 3. g3 g6 4. Bg2 Bg7 5. Nf3 Nc6 6. d3 e6 7. O-O Nge7 {[%cal Bg8e7,Be7c6,Bc6e5,Be5g4][%mdl 32]} 8. Be3 Nd4 9. Rb1 {A04: Unusual lines after 1 Nf3 and King's Indian Attack} (9. Qd2 O-O 10. Bh6 Nxf3+ 11. Bxf3 Bxh6 12. Qxh6 Rb8 13. Bg2 b5 14. Ne2 d5 15. exd5 Nxd5 16. d4 c4 17. a3 a5 18. Nf4 {0-1 (50) Kovalevskaya,E (2427)-Kosintseva,T (2557) Rostov on Don 2011}) 9... Nec6 10. Ne2 O-O 11. Qd2 {The position is equal.} Nxf3+ 12. Bxf3 Ne5 13. Bg2 Ng4 14. Bg5 $146 ({Predecessor:} 14. Bf4 e5 15. Be3 Be6 16. a3 Qd7 17. Nc3 Nxe3 18. fxe3 {1-0 (33) Bachus,S (1917)-Goda,F (1560) Ulm/Neu Ulm 2006}) 14... f6 15. Be3 Nxe3 16. Qxe3 f5 17. c3 fxe4 18. dxe4 b6 19. e5 d5 20. f4 Ba6 21. Bh3 Qe7 22. Rf2 Rad8 23. Rd1 Rfe8 24. Qf3 Qd7 25. Rd2 Qa4 26. b3 Qa5 27. Nc1 Kh8 (27... Bf8 {seems wilder.} 28. Rd1 b5 29. Rfd2 Qb6 30. Qf2 Rc8) 28. Bf1 Bxf1 29. Rxf1 b5 30. Rfd1 Qb6 31. Qf2 Qc6 32. Ne2 a5 33. Qg2 {c4! is the strong threat.} Bf8 34. h3 c4 35. Kh2 Bc5 36. bxc4 bxc4 37. Rb1 Rb8 38. Rdb2 Rxb2 39. Rxb2 Re7 40. h4 Rb7 41. Ng1 $1 Bxg1+ 42. Kxg1 $11 {[%mdl 4096] Endgame KQR-KQR} a4 43. Qf2 Rxb2 44. Qxb2 {KQ-KQ} Kg7 45. Qb4 {aiming for Qe7+.} Qd7 46. Kf1 h6 47. Ke2 Qf7 48. Qxa4 g5 49. Ke3 gxf4+ 50. gxf4 Qe7 51. h5 {Hoping for Qa6.} Qc5+ $2 {[%mdl 8192]} (51... Qf7 $11) 52. Ke2 $2 (52. Kf3 {Strongly threatening Qd7+.} Qe7 53. Qc2) 52... Qe7 $18 53. Ke3 $2 {[%mdl 8192]} (53. Kf3 $16) 53... Qc5+ 54. Ke2 $2 (54. Kf3 $18 {is the precise move to win.}) 54... Qe7 $16 55. Ke3 (55. Kf3 $1 $16) 55... Kf7 $2 {[%mdl 8192]} (55... Qc5+ $11 56. Kf3 Qe7) 56. Ke2 $2 ({Better is} 56. Qa5 $18) 56... Qb7 $2 {[%mdl 8192]} (56... Kg7 $1 $11 {and Black is okay.}) 57. Qb4 Qa6 (57... Qc6 $142 58. Qb1 d4 59. Qh7+ (59. cxd4 Qg2+ 60. Ke3 Qh3+ 61. Ke2 Qh2+ 62. Ke3 Qh3+ 63. Kf2 Qh4+ 64. Ke3 Qh3+ $11) 59... Ke8) 58. a4 $18 d4 59. cxd4 c3+ 60. Kd1 $4 {[%mdl 8192]} (60. Qb5 $18 Qc8 61. Kd1) 60... Qd3+ 61. Ke1 Qd2+ 62. Kf1 {[#]} Qxf4+ $2 ({Black should try} 62... Qc1+ $1 $19 63. Ke2 Qb2+ 64. Qxb2 cxb2) 63. Ke2 $2 {[%mdl 8192] [#]} (63. Kg2 $15 Qe4+ 64. Kg3) 63... Qe4+ $1 $19 64. Kf1 c2 {Black mates.} 65. Qd2 Qf3+ 66. Ke1 Qh1+ 67. Kf2 c1=Q {Precision: White = 46%, Black = 44%.} 0-1

[Event "NOR-ch Clubs 2017"]
[Site "Kristiansund"]
[Date "2017.10.20"]
[Round "1"]
[White "Hauan, Tore"]
[Black "Svensen, Tarjei"]
[Result "0-1"]
[WhiteElo "1623"]
[BlackElo "2057"]
[Annotator "NA RC"]
[PlyCount "70"]
[EventDate "2017.??.??"]
[EventType "team-tourn"]
[EventCountry "NOR"]
[SourceTitle "playchess.com"]
[Source "ChessBase"]
[SourceQuality "1"]
[TimeControl "40/5400:1800"]

{[%evp 9,65,17,32767,11,32767,32767,32767,8,32,0,12,12,17,0,4,0,0,-2,0,7,0,0,14,12,22,0,0,-55,-50,-44,32767,32767,32767,-49,-48,32767,32767,-73,-97,-68,-127,-241,-234,-726,-747,-691,0,-386,-383,-385,-295,-781,-29992,-29995,-29996,-29996,-29996,-29997]} 1. d4 {[%emt 0:00:10]} d5 {[%emt 0:00:11]} 2. c4 {[%emt 0:00:13]} c6 {[%emt 0:00:12]} 3. Nc3 {[%emt 0:00:18]} Nf6 {[%emt 0:00:29]} 4. Nf3 {[%emt 0:00:30]} dxc4 {[%emt 0:01:06]} 5. a4 {[%emt 0:00:35]} Bf5 {[%emt 0:00:34]} 6. e3 {[%emt 0:00:45]} e6 {[%emt 0:01:26]} 7. Bxc4 {[%emt 0:00:41]} Bb4 {[%emt 0:02:22]} 8. O-O {[%emt 0:00:30] LiveBook: 4130 Games} Nbd7 {[%emt 0:01:06]} 9. Bd3 {[%emt 0:05:39]} Bg6 {[%emt 0:03:33] D18: Slav Defence: 5 a4 Bf5 6 e3} (9... Bxd3 10. Qxd3 O-O 11. Rd1 Qa5 12. e4 h6 13. Bf4 Rfd8 14. Qc2 Rac8 15. h3 Qh5 16. Ne5 c5 17. Nxd7 Rxd7 18. Na2 Ba5 19. Be5 Rc6 {0-1 (32) Wojtkiewicz,A (2568)-Shirov,A (2706) Liepaja 2001}) 10. Ne2 $146 {[%emt 0:03:56]} O-O {[%emt 0:01:52]} 11. Nf4 {[%emt 0:02:55]} c5 {[%emt 0:01:24]} 12. Nxg6 {[%emt 0:06:27]} hxg6 {[%emt 0:00:07]} 13. Bd2 {[%emt 0:00:18]} Bxd2 {[%emt 0:02:30]} 14. Qxd2 {[%emt 0:00:13]} cxd4 {[%emt 0:00:25]} 15. Nxd4 {[%emt 0:00:15]} e5 {[%emt 0:00:33]} 16. Nb3 {[%emt 0:01:23]} Qb6 {[%emt 0:01:21]} 17. Nc1 {[%emt 0:04:38]} Rfd8 {[%emt 0:03:04]} 18. Qe2 {[%emt 0:01:42]} e4 {[%emt 0:01:17]} 19. Bc4 {[%emt 0:03:48]} Ne5 {[%emt 0:01:02]} 20. Ba2 {[%emt 0:06:17]} Qd6 {[%emt 0:13:04]} 21. Nb3 {[%emt 0:11:49]} Nfg4 {[%emt 0:01:24]} 22. g3 {[%emt 0:02:46]} Nf3+ {[%emt 0:01:00]} 23. Kg2 {[%emt 0:01:22]} Ngxh2 {[%emt 0:03:08]} 24. Rfd1 {[%emt 0:00:22]} Qe5 {[%emt 0:09:58]} 25. Rxd8+ $2 {[%emt 0:03:32]} (25. Rh1 $17) 25... Rxd8 {[%emt 0:01:03]} 26. Rd1 $2 {[%emt 0:02:21]} (26. Qc4) 26... Rxd1 {[%emt 0:03:15]} 27. Qxd1 {[%emt 0:00:19] [#]} Qxb2 $2 {[%emt 0:00:13]} (27... Qh5 $1 $19 28. Qc1 Ng5 29. Qc8+ Kh7) 28. Bb1 $2 {[%emt 0:01:05]} (28. Qd7 $1 $11) 28... Ng4 {[%emt 0:00:28]} 29. Bc2 {[%emt 0:02:31] [#]} Qxc2 $1 {[%emt 0:00:57]} 30. Qd8+ $2 {[%emt 0:02:44]} (30. Qxc2 Nxe3+ 31. fxe3 Ne1+ 32. Kf2 Nxc2 33. Nc5) 30... Kh7 {[%emt 0:00:08]} 31. Nd4 {[%emt 0:00:11]} Qxf2+ {[%emt 0:00:19]} 32. Kh3 {[%emt 0:00:05]} Ng1+ {[%emt 0:04:41]} 33. Kxg4 {[%emt 0:02:07]} f5+ {[%emt 0:00:21]} 34. Nxf5 {[%emt 0:01:40]} Qxf5+ {[%emt 0:00:18]} 35. Kh4 {[%emt 0:00:11]} Nf3# 0-1

[Event "NOR-ch Clubs 2017"]
[Site "Kristiansund"]
[Date "2017.10.20"]
[Round "1"]
[White "Refsnes, Stale"]
[Black "Dahl, Torbjorn"]
[Result "0-1"]
[WhiteElo "1444"]
[BlackElo "1974"]
[Annotator "NA RC"]
[PlyCount "110"]
[EventDate "2017.??.??"]
[EventType "team-tourn"]
[EventCountry "NOR"]
[SourceTitle "playchess.com"]
[Source "ChessBase"]
[SourceQuality "1"]
[TimeControl "40/5400:1800"]

1. e4 {[%emt 0:00:10]} Nf6 {[%emt 0:00:12]} 2. Nc3 {[%emt 0:00:34]} d5 {[%emt 0:00:07]} 3. exd5 {[%emt 0:01:32]} Nxd5 {[%emt 0:00:09]} 4. Nxd5 {[%emt 0:01:23]} Qxd5 {[%emt 0:00:07]} 5. Qf3 {[%emt 0:05:25]} Qxf3 {[%emt 0:07:56]} 6. Nxf3 {[%emt 0:00:09]} Nc6 {[%emt 0:01:41] B02: Aljechin-Verteidigung (Jagdvariante)} 7. Bb5 {[%emt 0:04:11]} Bd7 {[%emt 0:03:22]} 8. c3 {[%emt 0:00:43]} a6 {[%emt 0:12:02]} 9. Ba4 {[%emt 0:00:39]} e5 {[%emt 0:05:09]} 10. O-O {[%emt 0:00:56]} f6 $146 {[%emt 0:02:57]} ({Vorgänger:} 10... b5 11. Bb3 Bd6 12. Bd5 O-O 13. a4 Rae8 14. axb5 axb5 {½-½ (70) Schwab,R (2290)-Rumpl,E (2165) Austria 1995}) 11. Re1 {[%emt 0:02:52]} O-O-O {[%emt 0:02:13]} 12. d4 {[%emt 0:01:39]} exd4 {[%emt 0:01:09]} 13. Bxc6 {[%emt 0:06:59]} Bxc6 {[%emt 0:01:03]} 14. Nxd4 {[%emt 0:00:06]} Bd5 {[%emt 0:01:46]} 15. Bf4 {[%emt 0:01:02]} g5 {[%emt 0:02:14]} 16. Bg3 {[%emt 0:01:27]} h5 {[%emt 0:00:19]} 17. h3 {[%emt 0:00:27]} h4 {[%emt 0:01:09]} 18. Bh2 {[%emt 0:00:05]} g4 {[%emt 0:07:46]} 19. hxg4 {[%emt 0:04:59]} h3 {[%emt 0:02:02]} 20. f3 {[%emt 0:01:53]} Bc5 {[%emt 0:04:15]} 21. Kh1 {[%emt 0:03:53]} (21. Bg3 $11 {remains equal.}) 21... hxg2+ {[%emt 0:00:20]} 22. Kxg2 {[%emt 0:00:53]} Bxd4 {[%emt 0:02:28]} 23. cxd4 {[%emt 0:01:23] [#]} Bxf3+ $1 {[%emt 0:01:06]} 24. Kxf3 {[%emt 0:00:28]} Rxh2 {[%emt 0:00:24]} 25. Re4 {[%emt 0:05:20]} Rxb2 {[%emt 0:00:53]} 26. Rf4 {[%emt 0:00:12]} Rd6 {[%emt 0:03:13]} 27. a4 {[%emt 0:07:25]} Rb4 {[%emt 0:02:34]} 28. Ke3 {[%emt 0:05:24]} Kd7 {[%emt 0:01:39]} (28... a5 $19 29. Ra3 b6) 29. Ra3 {[%emt 0:05:24]} (29. a5 $17) 29... Re6+ {[%emt 0:03:19]} 30. Kd3 {[%emt 0:02:23]} Ke7 {[%emt 0:01:29]} 31. Rc3 {[%emt 0:03:50]} c6 {[%emt 0:02:26]} 32. Ra3 $2 {[%emt 0:01:12]} (32. a5 $17) 32... Re1 {[%emt 0:02:35]} 33. Kd2 {[%emt 0:04:49]} Re6 {[%emt 0:04:05]} (33... Rg1 $17 34. Re3+ Kd7) 34. Kd3 {[%emt 0:00:24]} c5 {[%emt 0:01:40]} 35. Rc3 {[%emt 0:02:53] [#]} Rxa4 {[%emt 0:01:37]} (35... cxd4 $1 $17 36. Rc4 Rxc4 37. Kxc4 Rd6) 36. Rxc5 {[%emt 0:00:15]} b5 {[%emt 0:00:42]} 37. Rff5 {[%emt 0:01:38]} (37. Rc7+ $15 Ke8 38. Ra7) 37... Rd6 {[%emt 0:00:25]} 38. Rcd5 {[%emt 0:01:38]} (38. Rf4 $15) 38... Ra3+ {[%emt 0:00:20]} 39. Kc2 {[%emt 0:00:22]} Rxd5 {[%emt 0:00:07]} 40. Rxd5 {[%emt 0:00:07]} Rg3 {[%emt 0:30:13]} 41. Kb2 {[%emt 0:31:47]} Rxg4 {[%emt 0:00:22]} 42. Kb3 {[%emt 0:00:05]} Ke6 {[%emt 0:00:00]} 43. Rd8 {[%emt 0:00:00]} a5 {[%emt 0:00:00]} 44. d5+ {[%emt 0:00:00]} Ke7 {[%emt 0:00:00]} 45. Rb8 {[%emt 0:00:00]} Rg3+ {[%emt 0:00:00]} 46. Kc2 {[%emt 0:00:00]} b4 {[%emt 0:00:00]} 47. Rb5 {[%emt 0:00:00] [#]} b3+ $19 {[%emt 0:00:00]} 48. Kb2 {[%emt 0:00:00]} a4 {[%emt 0:00:00]} 49. Ka3 {[%emt 0:00:00]} Rg4 {[%emt 0:00:00]} 50. Rb6 {[%emt 0:00:00]} f5 {[%emt 0:00:00]} 51. Re6+ {[%emt 0:00:00]} Kf7 {[%emt 0:00:00]} 52. Re1 {[%emt 0:00:00]} Rd4 {[%emt 0:00:00]} 53. Re5 {[%emt 0:00:00]} f4 {[%emt 0:00:00]} 54. d6 {[%emt 0:00:00]} Rxd6 {[%emt 0:00:00]} 55. Kxa4 {[%emt 0:00:00]} Rb6 {[%emt 0:00:00]} 0-1

[Event "NOR-ch Clubs 2017"]
[Site "Kristiansund"]
[Date "2017.10.20"]
[Round "1"]
[White "Welle, Sindre"]
[Black "Dahl, Trygve"]
[Result "1/2-1/2"]
[WhiteElo "1441"]
[BlackElo "2193"]
[Annotator "TA"]
[PlyCount "58"]
[EventDate "2017.??.??"]
[EventType "team-tourn"]
[EventCountry "NOR"]
[SourceTitle "playchess.com"]
[Source "ChessBase"]
[SourceQuality "1"]

{[%evp 9,58,15,38,-5,1,0,0,-53,-43,-73,-68,-102,-101,-93,-102,-92,-83,-87,-85,-97,-1,-8,-21,-43,0,0,0,-47,-25,-57,-57,-68,-64,-64,0,0,0,0,59,48,246,264,376,377,587,432,438,431,665,651,640]} 1. d4 Nf6 2. Nf3 g6 3. e3 Bg7 4. Be2 O-O 5. O-O d6 {LiveBook: 97 Games} 6. Nbd2 {A48: 1 d4 Nf6 2 Nf3 g6: Torre, London and Colle Systems} (6. c4 c5 7. Nc3 Nc6 8. d5 Na5 9. h3 e6 10. e4 Re8 11. Bd3 a6 12. Bg5 h6 13. Be3 exd5 14. exd5 Rb8 15. Qd2 Kh7 16. Rfe1 Bd7 {1-0 (37) Dominguez Perez,L (2732)-Fressinet,L (2700) Huaian 2016}) 6... Nc6 7. Re1 $146 ({Predecessor:} 7. c3 e5 8. Nc4 e4 9. Ne1 Re8 10. a4 h5 11. a5 {½-½ (11) Crepan,M (2289)-Supancic,D (2380) Bled 1999}) 7... e5 {[%cal Be7e5,Be5e4][%mdl 32]} 8. Nb3 (8. dxe5 $11 dxe5 9. c3) 8... Qe7 9. Rb1 a5 10. c3 Bf5 11. Ra1 e4 12. Nh4 Bd7 {[#] White must now prevent ...g5.} 13. g3 g5 14. Ng2 h5 (14... a4 $17 15. Nd2 Qe6) 15. f3 exf3 16. Bxf3 g4 17. Be2 $1 Ne4 18. Nd2 {[%cal Bb3d2,Bd2e4,Be4g3][%mdl 32]} Ng5 $1 19. Kh1 Nh3 $1 {[%cal Rh3f2]} 20. Rf1 f5 21. Bd3 Bf6 ({Black should try} 21... Bh6 $15) 22. e4 $1 $11 {[%cal Re4f5]} fxe4 23. Nxe4 Bg7 ({Black should play} 23... Bxd4 $11 24. cxd4 Nb4) 24. Bf4 $14 h4 $2 {[#]} (24... Rae8 $14) 25. gxh4 $18 Nxf4 (25... Rae8 {might work better.} 26. Ng5 Nxg5) 26. Nxf4 (26. Rxf4 Bh6 $18) 26... Bf5 (26... Rxf4 $142 27. Rxf4 Qxh4 28. Bc4+ Kh8) 27. Ng3 {White is clearly winning.} Bxd3 28. Qxd3 ({Not} 28. Nxd3 Rxf1+ 29. Qxf1 Rf8 $16) 28... Qxh4 (28... Rae8 $142 29. Nd5 Qxh4) 29. Qc4+ Kh7 {[%mdl 32768] Precision: White = 52%, Black = 49%. . An unexpected result.} 1/2-1/2

[Event "NOR-ch Clubs 2017"]
[Site "Kristiansund"]
[Date "2017.10.20"]
[Round "1"]
[White "Unneland, Niklas"]
[Black "Berg-Jensen, Joachim"]
[Result "0-1"]
[WhiteElo "1362"]
[BlackElo "2175"]
[Annotator "TA"]
[PlyCount "34"]
[EventDate "2017.??.??"]
[EventType "team-tourn"]
[EventCountry "NOR"]
[SourceTitle "playchess.com"]
[Source "ChessBase"]
[SourceQuality "1"]

{[%evp 9,33,41,39,6,14,12,7,6,14,9,14,-2,-2,-15,-20,-25,0,-219,-216,-435,-405,-500,-528,-29998,-29999,-29999]} 1. d4 d5 2. c4 e6 3. e3 c6 4. Nc3 f5 5. Nf3 Nf6 {LiveBook: 171 Games} 6. b3 {A85: Dutch Defence: 2 c4 Nf6 3 Nc3} (6. Be2 Bd6 7. Ne5 O-O 8. O-O Nbd7 9. f4 Ne4 10. Nxe4 fxe4 11. Bd2 Nxe5 12. fxe5 Be7 13. Rxf8+ Qxf8 14. Qb3 b6 15. Rf1 Qd8 16. Qa4 Bd7 17. Qd1 Qc7 18. Qc2 Qb7 19. b4 Rf8 20. Rxf8+ Bxf8 21. c5 b5 22. a4 a6 23. a5 {½-½ (23) Fridman,D (2649)-Tomashevsky,E (2758) Berlin 2015}) 6... Bb4 7. Bd2 O-O 8. Be2 {The position is equal.} Bd6 9. O-O Ne4 $146 ({Predecessor:} 9... Nbd7 10. a3 Ne4 11. b4 Rf6 12. g3 Rh6 {½-½ (40) Lin,Y (2093)-Nie,X (2314) Shenzhen 2016}) 10. Qc2 Nd7 11. Rfd1 g5 {[%cal Bg7g5,Bg5g4][%mdl 32]} 12. h3 g4 13. Nh2 $2 {[#]} (13. hxg4 $11 {and White stays safe.} fxg4 14. Nxe4 dxe4 15. Ne5 (15. Qxe4 Nf6 $15) 15... Nxe5 16. dxe5 Bxe5 17. Qxe4 (17. Bc3 Bh2+ 18. Kf1 Qh4 $19)) 13... Nxf2 $1 $19 {[%mdl 512]} 14. Kxf2 $2 (14. Rf1 {was the only chance.}) 14... Bxh2 15. g3 {aiming for Rh1.} Qc7 16. hxg4 Qxg3+ 17. Kf1 Qg1# {Precision: White = 16%, Black = 65%.} 0-1